000 00632nam a2200157Ia 4500
008 100204s9999 xx 000 0 und d
082 _b19843
245 _aविकास रंगतदार गोष्टी - निळा रंग
250 _a0
260 _b"नवनीत प्रकाशन केंद्र, मुंबई"
_c1997
300 _a32
630 _aविकास रंगतदार गोष्टी - निळा रंग
700 _aबागवे अशोक
730 _aविकास रंगतदार गोष्टी - निळा रंग
942 _cBOOK
999 _c464265
_d464262